00513 2200181 4500001002100000005001500021035002000036007000300056008004100059020002100100100001900121245004800140250001100188260003500199300004600234650002300280600002800303INLIS00000000000064420221128010547 a0010-1122000238ta221128 a 1 ind  a978-60-317-635-60 aShinta Handini1 aAku Patuh pada Ayah Bunda /cShinta Handini aCet. I aSurakarta :bZiyadbooks,c2021 a24 halaman :bilustrasi berwarna ;c20 cm 4aBacaan Anak Muslim 4aHormat Kepada Orang Tua